| 000 | 00657nam a22002057a 4500 | ||
|---|---|---|---|
| 999 |
_c63310 _d63310 |
||
| 005 | 20240530110634.0 | ||
| 008 | 170918s2014 ua f b 000 0 ara d | ||
| 017 |
_a3997 _bمصر . دار الكتب المصرية |
||
| 020 | _a9789773686031 | ||
| 040 | _aEG-CaGPL | ||
| 082 | 0 | 4 |
_221 _a782.42\ _bم ف |
| 100 | 0 | _aمحجوب موسى . | |
| 245 | 1 | 0 |
_aفن كتابة الاغنية / _cتاليف محجوب موسى . |
| 250 | _aط.1 | ||
| 260 |
_aالاسكندرية : _bمؤسسة حورس الدولية ، _c2014 . |
||
| 300 |
_a301 ص ؛ _c24 سم . |
||
| 650 | 0 | 7 | _aالاغانى . |
| 650 | 0 | 7 | _aتاليف الاغانى . |
| 942 |
_2ddc _cBK |
||